000
00306nam a2200133Ia 4500
008
231129s9999||||xx |||||||||||||| ||spa||
040
_b
spa
082
_a
Co864 P226v
100
_a
Pardo Carlos Orlando
245
0
_a
Vida y obra de Eutiquio Leal
260
_c
197
264
_a
Pijao
942
_2
ddc
_c
BKS
999
_c
26298
_d
26298